000
00410nam a2200145Ia 4500
008
100122s9999 xx 000 0 und d
082
_b
14789
_a
823
100
_a
लाटे दीनानाथ
245
_a
मुखवटे
260
_b
युवा प्रकाशन संस्था
_c
1968
300
_a
172
630
_a
मुखवटे
730
_a
मुखवटे
942
_c
BOOK
999
_c
405160
_d
405157